Digital library resources

Đã lưu trong:
书目详细资料
主要作者: Mittal, Savita
格式: 图书
语言:Undetermined
出版: Darya Ganj, New Delhi Ess Ess Publications 2005
主题:
标签: 添加标签
没有标签, 成为第一个标记此记录!
Thư viện lưu trữ: Trung tâm Học liệu Trường Đại học Cần Thơ
LEADER 00591nam a2200205Ia 4500
001 CTU_124809
008 210402s9999 xx 000 0 und d
020 |c 42.00 
082 |a 025.00285 
082 |b M685 
100 |a Mittal, Savita 
245 0 |a Digital library resources 
245 0 |c Savita Mittal 
260 |a Darya Ganj, New Delhi 
260 |b Ess Ess Publications 
260 |c 2005 
650 |a Integrated library systems (Computer systems),Digital libraries,Libraries 
650 |x Automation 
904 |i Minh 
980 |a Trung tâm Học liệu Trường Đại học Cần Thơ